000 00336nam a22001337a 4500
008 181015b xxu||||| |||| 00| 0 eng d
020 _a0030406315
041 _aeng
080 _a316
100 _a50
101 _aSOC
245 _aThe Process Of Social Organization Power In social Systems
_cOlsen.M.E
942 _2udc
_cBK
999 _c49710
_d49710